| 000 | 00617nam a2200229 a 4500 | ||
|---|---|---|---|
| 001 | 66050 | ||
| 003 | BD-RjUL | ||
| 005 | 20211209081508.0 | ||
| 008 | 170313s1995 ii a|||| |||| 001 0 eng d | ||
| 020 | _a8170292573 | ||
| 035 | _a(BD-RjUL)66180 | ||
| 040 |
_aBD-RjUL _beng _cBD-RjUL _dBD-RjUL |
||
| 041 | _aeng | ||
| 082 |
_223 _a005.1 _bDIP 1995 |
||
| 100 | 1 |
_aDickler, H _9195369 |
|
| 245 | 0 | 1 |
_aProgrammer's guide to FoxPro 2.5/2.6 / _cH Dickler |
| 250 | _a2nd ed. | ||
| 260 |
_aNew Delhi : _bBPB pub., _c1995. |
||
| 300 |
_a766 p. : _bill. ; _c25 cm. |
||
| 650 |
_aDatabase management _9195370 |
||
| 942 |
_2ddc _cBK |
||
| 999 |
_c66050 _d66050 |
||